[Event "Mark Pinto IM"]
[Site "San Francisco"]
[Date "2004.07.31"]
[Round "11"]
[White "Ganbold, Odondoo"]
[Black "Zilberstein, Dmitry"]
[Result "1-0"]
[WhiteElo "2384"]
[BlackElo "2392"]
[PlyCount "150"]
[EventDate "2004.07.21"]
[Source "Roberto Alvarez"]
[SourceDate "2004.08.17"]

1. e4 e5 2. Nc3 Nc6 3. g3 g6 4. Bg2 Bg7 5. Nge2 Nge7 6. d3 d6 7. Be3 Nd4 8. h3 Be6 9. Qd2 d5 10. O-O-O Nxe2+ 11. Nxe2 d4 12. Bh6 Bxh6 13. Qxh6 Qd6 14. Qg7 O-O-O 15. a3 c5 16. f4 Nc6 17. fxe5 Qxe5 18. Qxe5 Nxe5 19. h4 Ng4 20. Rd2 Kc7 21. Nf4 Ne3 22. Bf3 b5 23. Ng2 Bg4 24. Bxg4 Nxg4 25. Rf1 Rd7 26. Rf4 h5 27. Ne1 Kd6 28. Nf3 f6 29. Nh2 Nxh2 30. Rxh2 Ke5 31. Rhf2 Rf7 32. g4 hxg4 33. Rxg4 Rh6 34. h5 gxh5 35. Rf5+ Kd6 36. Rh4 Rg7 37. Rd5+ Kc6 38. b4 Rg5 39. Rd8 Kc7 40. Ra8 c4 41. Rxa7+ Kb6 42. Rd7 c3 43. Kb1 Rg1+ 44. Ka2 Rc1 45. Rxd4 Rxc2+ 46. Kb3 Rc1 47. Rd6+ Kb7 48. Rd5 Ka6 49. Rc5 Rg6 50. Rc6+ Kb7 51. Rxc3 Rxc3+ 52. Kxc3 Rh6 53. Kb3 Kc6 54. a4 bxa4+ 55. Kxa4 Kb6 56. Kb3 Kb5 57. Kc3 Rh8 58. d4 Ka4 59. d5 Kb5 60. Kd4 Kxb4 61. d6 Kb5 62. Kd5 Kb6 63. Rh1 Kb7 64. Rc1 h4 65. d7 h3 66. Ke6 h2 67. Kxf6 Rg8 68. Rh1 Kc7 69. Rxh2 Kxd7 70. Kf7 Rg4 71. Rd2+ Kc6 72. e5 Re4 73. e6 Rf4+ 74. Ke8 Re4 75. e7 Kc7 1-0

[Event "DEN Ch"]
[Site "Denmark"]
[Date "1988.??.??"]
[Round "9"]
[White "Berg, Klaus"]
[Black "Schandorff, Lars"]
[Result "1/2-1/2"]
[WhiteElo "2370"]
[BlackElo "2400"]
[PlyCount "36"]
[EventDate "1988.??.??"]
[Source "www.chesslib.no"]
[SourceDate "2004.05.04"]

1. e4 e5 2. Nc3 Nc6 3. f4 exf4 4. d4 Qh4+ 5. Ke2 d6 6. Nf3 Bg4 7. Bxf4 Nf6 8. Bg3 Qh5 9. Kf2 Be7 10. Be2 Qa5 11. Qd3 Nb4 12. Qb5+ Qxb5 13. Bxb5+ c6 14. Ba4 O-O 15. a3 Na6 16. Rhe1 h6 17. e5 dxe5 18. Nxe5 Be6 1/2-1/2

[Event "CSR Team Ch"]
[Site "Czekhoslovakia"]
[Date "1989.??.??"]
[Round "?"]
[White "Polasek, Jaroslav"]
[Black "Nun, Josef"]
[Result "0-1"]
[WhiteElo "2395"]
[BlackElo "2370"]
[PlyCount "54"]
[EventDate "1989.??.??"]
[Source "www.chesslib.no"]
[SourceDate "2004.05.04"]

1. e4 e5 2. Nc3 Nc6 3. f4 Bc5 4. fxe5 d6 5. exd6 Qxd6 6. Nf3 Bg4 7. d3 O-O-O 8. Bg5 f6 9. Nb5 Qe7 10. Bf4 Bb6 11. c3 f5 12. Qe2 a6 13. Na3 fxe4 14. Qxe4 Qxe4+ 15. dxe4 Nf6 16. Nc4 Rhe8 17. e5 Bc5 18. Be2 Ne4 19. Be3 b5 20. Bxc5 Nxc5 21. Ne3 Bxf3 22. Bxf3 Nd3+ 23. Ke2 Ncxe5 24. Rhd1 Nf4+ 25. Kf2 Ned3+ 26. Rxd3 Nxd3+ 27. Ke2 Nxb2 0-1

[Event "Medellin"]
[Site "Medellin"]
[Date "2000.10.07"]
[Round "12"]
[White "Gonzalez, Renier"]
[Black "Rios Parra, Alejandro"]
[Result "1-0"]
[WhiteElo "2435"]
[BlackElo "2328"]
[PlyCount "72"]
[EventDate "2000.09.26"]
[Source "ChessBase"]
[SourceDate "2000.11.10"]

1. e4 e5 2. Nc3 Nc6 3. g3 d6 4. Bg2 f5 5. d3 Nf6 6. Nge2 g6 7. h3 Bg7 8. Be3 O-O 9. Qd2 fxe4 10. dxe4 Be6 11. O-O Qd7 12. Kh2 Rae8 13. b3 Rf7 14. Rad1 Ref8 15. Bh6 Bxh6 16. Qxh6 Nh5 17. f4 Ng7 18. Nb1 b5 19. Nd2 Qe7 20. Nf3 Ne8 21. Ng5 Rf6 22. Qh4 b4 23. f5 Bc8 24. c4 Qg7 25. g4 h6 26. Nf3 g5 27. Qg3 R6f7 28. Ne1 Nf6 29. Nc2 h5 30. Ne3 Nb8 31. Nd5 Na6 32. a3 Nxd5 33. exd5 Nc5 34. a4 Ba6 35. Qe3 Qh7 36. Ng3 Kh8 1-0

[Event "Budapest FS10 GM"]
[Site "Budapest"]
[Date "2002.10.11"]
[Round "7"]
[White "Kahn, Evarth"]
[Black "Suarez Pousa, Diego"]
[Result "1-0"]
[WhiteElo "2355"]
[BlackElo "2406"]
[PlyCount "105"]
[EventDate "2002.10.05"]
[Source "ChessBase"]
[SourceDate "2002.11.06"]

1. e4 e5 2. Nc3 Nc6 3. f4 Bb4 4. Nf3 d6 5. fxe5 dxe5 6. Bb5 Qd6 7. Bxc6+ Qxc6 8. Nxe5 Qe6 9. d4 f6 10. Nf3 Qxe4+ 11. Kf2 Bxc3 12. bxc3 Qc6 13. Re1+ Kf7 14. Qd3 Be6 15. Re5 Rd8 16. Bf4 Rd5 17. Re3 g5 18. Bxg5 Bf5 19. Qe2 fxg5 20. Ne5+ Rxe5 21. Rxe5 Nh6 22. Kg1 Kg6 23. Rf1 Rf8 24. h3 Qxc3 25. Re6+ Rf6 26. Rxf6+ Kxf6 27. Qe5+ Kf7 28. Rxf5+ Nxf5 29. Qxf5+ Kg8 30. Qxg5+ Kh8 31. Qf4 Kg7 32. Qe4 a5 33. Kh2 Qb2 34. Qe5+ Kg6 35. Qg3+ Kf6 36. Qe5+ Kg6 37. Qe8+ Kf5 38. Qf7+ Kg5 39. Qg7+ Kf5 40. Qxh7+ Ke6 41. Qe4+ Kd7 42. Qf5+ Kd8 43. Qd5+ Kc8 44. Qg8+ Kd7 45. Qc4 b5 46. Qd5+ Ke7 47. Qc5+ Kd7 48. c4 b4 49. Qd5+ Ke7 50. Qxa5 Qxd4 51. Qxc7+ Ke8 52. c5 Qb2 53. c6 1-0

[Event "Buenos Aires op"]
[Site "Buenos Aires"]
[Date "1997.??.??"]
[Round "2"]
[White "Perez Pietronave, Carlos"]
[Black "Slipak, Sergio"]
[Result "1/2-1/2"]
[WhiteElo "2255"]
[BlackElo "2505"]
[PlyCount "91"]
[EventDate "1997.??.??"]
[Source "www.chesslib.no"]
[SourceDate "2004.05.04"]

1. e4 e5 2. Nc3 Nc6 3. f4 Bc5 4. Nf3 d6 5. Na4 Bb6 6. Nxb6 axb6 7. fxe5 dxe5 8. Bb5 Qd6 9. a4 Nf6 10. O-O O-O 11. d3 Bg4 12. c3 Ne7 13. h3 Bd7 14. Bxd7 Nxd7 15. d4 Ng6 16. Be3 Qe7 17. Qc2 exd4 18. cxd4 c5 19. Rad1 cxd4 20. Nxd4 Rac8 21. Nf5 Qe6 22. Qb1 Nc5 23. Bd4 f6 24. Bxc5 Rxc5 25. Rd6 Qb3 26. Rd7 Rf7 27. Rf3 Qxa4 28. Rd8+ Rf8 29. Ra3 Qc4 30. Rd7 Kh8 31. Rxb7 Nf4 32. Raa7 Rg8 33. Nh6 Nxh3+ 34. Kh2 Ng5 35. Nxg8 Nf3+ 36. Kg3 Rg5+ 37. Kxf3 Qb3+ 38. Kf2 Qg3+ 39. Ke2 Qxg2+ 40. Kd3 Rc5 41. Qe1 Qf3+ 42. Kd4 Qb3 43. Qe2 Rc2 44. Qxc2 Qxc2 45. Nxf6 Qxb2+ 46. Kd5 1/2-1/2

[Event "Katerini op"]
[Site "Katerini"]
[Date "1992.??.??"]
[Round "?"]
[White "Conquest, Stuart"]
[Black "Dirr, Ulrich"]
[Result "1-0"]
[WhiteElo "2495"]
[BlackElo "2265"]
[PlyCount "79"]
[EventDate "1992.08.??"]
[Source "ChessBase"]

1. e4 e5 2. Nc3 Nc6 3. Bc4 Bc5 4. Qg4 g6 5. Qg3 d6 6. d3 Nd4 7. Kd1 Be6 8. Nge2 Bxc4 9. dxc4 Nf6 10. Qh4 Ne6 11. f3 c6 12. Bd2 O-O 13. Na4 Bb6 14. Nxb6 axb6 15. Ke1 d5 16. Rd1 Nh5 17. Qxd8 Rfxd8 18. cxd5 cxd5 19. exd5 Rxd5 20. Nc3 Rdd8 21. Kf2 Nd4 22. g4 Ng7 23. Bg5 Rdc8 24. Rd2 Ne8 25. Re1 f6 26. Be3 Rc4 27. Red1 Ne6 28. Bxb6 Rb4 29. Be3 Rxb2 30. Kg3 Ra3 31. Nd5 Raxa2 32. Ne7+ Kf8 33. Bh6+ N8g7 34. Nd5 Kf7 35. Nc3 Ra3 36. Rd7+ Kf8 37. Ne4 Rxc2 38. Rxb7 Raa2 39. Rd8+ Nxd8 40. Bxg7+ 1-0

[Event "GER Ch"]
[Site "Binz GER"]
[Date "1994.??.??"]
[Round "4"]
[White "Bangiev, Alexander"]
[Black "Stern, Rene"]
[Result "1/2-1/2"]
[WhiteElo "2385"]
[BlackElo "2370"]
[PlyCount "28"]
[EventDate "1994.11.??"]
[Source "www.chesslib.no"]
[SourceDate "2004.05.04"]

1. e4 e5 2. Nc3 Nc6 3. f4 Bc5 4. Nf3 d6 5. Bb5 Nf6 6. d3 O-O 7. Bxc6 bxc6 8. Na4 Bb6 9. Nxb6 axb6 10. fxe5 dxe5 11. Bd2 Bg4 12. Bc3 Nd7 13. O-O f6 14. Qd2 Nc5 1/2-1/2

[Event "Rostock 14th"]
[Site "Rostock GER"]
[Date "1988.??.??"]
[Round "8"]
[White "Becker, Michael"]
[Black "Kalinitschew, Sergey L"]
[Result "0-1"]
[WhiteElo "2330"]
[BlackElo "2425"]
[PlyCount "46"]
[EventDate "1988.08.13"]
[Source "www.chesslib.no"]
[SourceDate "2004.05.04"]

1. e4 e5 2. Nc3 Nc6 3. f4 exf4 4. Nf3 g5 5. d4 Bg7 6. Bc4 h6 7. O-O d6 8. g3 g4 9. e5 gxf3 10. Bxf7+ Kxf7 11. Qxf3 dxe5 12. Qh5+ Kf8 13. dxe5 Qd4+ 14. Kg2 Qxe5 15. Rxf4+ Nf6 16. Qf3 Kg8 17. Ne4 Nxe4 18. Rxe4 Qf6 19. Rf4 Qg6 20. Bd2 Be6 21. Bc3 Rd8 22. Kg1 Nd4 23. Qf2 Qxc2 0-1

[Event "Jarvenpaa"]
[Site "Jarvenpaa"]
[Date "1982.??.??"]
[Round "3"]
[White "Binham, Timothy F"]
[Black "Westerinen, Heikki MJ"]
[Result "0-1"]
[WhiteElo "2345"]
[BlackElo "2410"]
[PlyCount "78"]
[EventDate "1982.07.??"]
[Source "ChessBase"]

1. e4 e5 2. Nc3 Nc6 3. f4 exf4 4. Nf3 g5 5. d4 d6 6. h4 g4 7. Ng5 h6 8. Nxf7 Kxf7 9. Bc4+ Kg7 10. Bxf4 Na5 11. Be2 Be7 12. O-O Nf6 13. d5 c6 14. e5 Nh5 15. exd6 Bf6 16. Be3 Qxd6 17. Bd4 Re8 18. Bxg4 Bxd4+ 19. Qxd4+ Qe5 20. Qb4 c5 21. Qa4 b5 22. Nxb5 Qe3+ 23. Rf2 Re4 24. Qxa5 Bxg4 25. Qc3+ Qxc3 26. Nxc3 Rf4 27. Re1 Rxf2 28. Kxf2 Rf8+ 29. Ke3 Nf4 30. Kd2 Nxg2 31. Re7+ Rf7 32. Rxf7+ Kxf7 33. Ne4 Nxh4 34. Nxc5 Nf5 35. c4 h5 36. Ne4 h4 37. Nf2 Bf3 38. Kd3 Bg2 39. c5 Bxd5 0-1

[Event "ch"]
[Site "chess.net INT"]
[Date "1994.??.??"]
[Round "4"]
[White "Bangiev, Alexander"]
[Black "Stern, Rene"]
[Result "1/2-1/2"]
[WhiteElo "2385"]
[BlackElo "2370"]
[PlyCount "28"]
[EventDate "1994.??.??"]
[Source "www.chesslib.no"]
[SourceDate "2004.05.04"]

1. e4 e5 2. Nc3 Nc6 3. f4 Bc5 4. Nf3 d6 5. Bd3 Nge7 6. Bc4 Kd7 7. Nb1 Bb4 8. Bd3 b6 9. b3 Rb8 10. fxe5 Ke6 11. Ba3 Ba6 12. O-O Qd7 13. Kf2 Nd8 14. Rh1 Ra8 1/2-1/2

[Event "Spring op"]
[Site "Budapest"]
[Date "1990.??.??"]
[Round "5"]
[White "Tseitlin, Mikhail S"]
[Black "Papagorasz, Takisz"]
[Result "1-0"]
[WhiteElo "2465"]
[BlackElo "2285"]
[PlyCount "57"]
[EventDate "1990.??.??"]
[Source "ChessBase"]

1. e4 e5 2. Nc3 Nc6 3. f4 d6 4. Nf3 Nf6 5. Bb5 Bd7 6. d3 Nd4 7. Bxd7+ Qxd7 8. O-O c5 9. fxe5 Nxf3+ 10. Qxf3 dxe5 11. Bg5 Ng8 12. Nd5 f6 13. Qh5+ Kd8 14. c4 Bd6 15. Be3 Ne7 16. a3 Nxd5 17. cxd5 Ke7 18. b4 cxb4 19. axb4 Bxb4 20. Rfb1 Qd6 21. Qg4 Rhg8 22. d4 a5 23. dxe5 Qxe5 24. Bf4 Qd4+ 25. Kh1 Ra6 26. Rd1 Qb2 27. Rab1 Qa2 28. e5 fxe5 29. Bg5+ 1-0

[Event "IBM-B"]
[Site "Amsterdam"]
[Date "1971.??.??"]
[Round "9"]
[White "Van der Weide, Piet"]
[Black "Zuidema, Coenraad"]
[Result "0-1"]
[WhiteElo "2320"]
[BlackElo "2430"]
[PlyCount "74"]
[EventDate "1971.07.??"]
[Source "ChessBase"]

1. e4 e5 2. Nc3 Nc6 3. f4 exf4 4. Nf3 g5 5. h4 g4 6. Ng5 d6 7. d4 h6 8. Nxf7 Kxf7 9. Bxf4 Nf6 10. Qd2 Qe7 11. O-O-O Nxe4 12. Nxe4 Qxe4 13. Bc4+ Kg7 14. Rhf1 Qg6 15. Rde1 Bf5 16. d5 Ne7 17. Re6 Bxe6 18. dxe6 Kg8 19. h5 Qxh5 20. Be3 Bg7 21. Rf7 Rh7 22. Bd3 Bxb2+ 23. Kxb2 Rxf7 24. exf7+ Kxf7 25. Qb4 Nc6 26. Qc4+ Ke7 27. Bd2 Qc5 28. Qxg4 Qd4+ 29. Qxd4 Nxd4 30. Bxh6 Rg8 31. Bf1 Nf5 32. Bd2 Ke6 33. Kc3 Rg3+ 34. Kb2 Ne3 35. Bd3 Nxg2 36. Be4 d5 37. Bh7 Ne3 0-1

[Event "CZE Ch"]
[Site "Olomouc CZE"]
[Date "1995.??.??"]
[Round "?"]
[White "Ramik, Zdenek"]
[Black "Oral, Tomas"]
[Result "0-1"]
[WhiteElo "2345"]
[BlackElo "2405"]
[PlyCount "114"]
[EventDate "1995.??.??"]
[Source "www.chesslib.no"]
[SourceDate "2004.05.04"]

1. e4 e5 2. Nc3 Nc6 3. f4 exf4 4. Nf3 g5 5. d4 g4 6. Bc4 gxf3 7. O-O d6 8. Bxf7+ Kxf7 9. Qxf3 Nf6 10. Bxf4 Bg7 11. Bg5 Rf8 12. Nd5 Kg8 13. Nxf6+ Bxf6 14. Bxf6 Rxf6 15. Qxf6 Qxf6 16. Rxf6 Nxd4 17. c3 Nc6 18. Raf1 Bd7 19. R1f3 Ne5 20. Rg3+ Ng6 21. h4 Rf8 22. Rff3 Rxf3 23. gxf3 Kf7 24. Kf2 Nxh4 25. Rg5 Ng6 26. Rh5 Kg7 27. Ke3 Ne5 28. b3 Kg6 29. Rh1 h5 30. Rg1+ Kf6 31. Rh1 Kg6 32. Rg1+ Kf6 33. Rh1 Be8 34. c4 b6 35. Rh2 Bf7 36. Rh1 Be8 37. Rh2 Bf7 38. Rh1 a6 39. a4 a5 40. Rh2 Nd7 41. Rh1 Nc5 42. Rb1 h4 43. Kf4 h3 44. Kg3 Be6 45. Rb2 Ke5 46. Rb1 Kd4 47. Rd1+ Kc3 48. Re1 Kxb3 49. f4 Kxa4 50. f5 Bxc4 51. e5 dxe5 52. Rxe5 Kb4 53. Re7 c6 54. Rc7 Bd5 55. f6 a4 56. f7 Bxf7 57. Rxc6 Kb5 0-1

[Event "Toledo"]
[Site "Toledo"]
[Date "1991.??.??"]
[Round "4"]
[White "De la Riva Aguado, Oscar"]
[Black "Izeta Txabarri, Felix"]
[Result "0-1"]
[WhiteElo "2360"]
[BlackElo "2385"]
[PlyCount "98"]
[EventDate "1991.02.??"]
[Source "ChessBase"]

1. e4 e5 2. Nc3 Nc6 3. f4 exf4 4. Nf3 g5 5. d4 Bg7 6. d5 Ne5 7. d6 Nxf3+ 8. Qxf3 c6 9. h4 Be5 10. hxg5 Qxg5 11. Rh5 Qf6 12. Rf5 Qxd6 13. Bxf4 Bxf4 14. Rxf4 Ne7 15. Bc4 Ng6 16. Rf6 Qd4 17. Bb3 Qg1+ 18. Qf1 Qxf1+ 19. Kxf1 Ne5 20. Kg1 Ke7 21. Raf1 d6 22. Ne2 Bd7 23. Nd4 Raf8 24. Rh6 Rfg8 25. Nf3 Ng4 26. Rh5 Be6 27. Nd4 Rg6 28. c4 Nf6 29. Ra5 a6 30. Nxe6 fxe6 31. e5 dxe5 32. Rxe5 Nd7 33. Rh5 h6 34. Rh4 Rf8 35. Re1 Rgf6 36. Bd1 a5 37. Rh5 b6 38. Bf3 c5 39. Re4 Rg8 40. Rh3 Rg5 41. Reh4 Ne5 42. Be2 Ng6 43. Rxh6 Nf4 44. Rh7+ Kd6 45. Re3 Nxg2 46. Rd3+ Ke5 47. Kh1 Rf2 48. Bf3 Rf1+ 49. Kh2 Ne1 0-1

[Event "Golden Cleopatra op 3rd"]
[Site "Cairo"]
[Date "1999.04.13"]
[Round "3"]
[White "Djurhuus, Rune"]
[Black "Sorial, Hanna"]
[Result "1/2-1/2"]
[WhiteElo "2478"]
[BlackElo "2266"]
[PlyCount "119"]
[EventDate "1999.04.11"]
[Source "ChessBase"]
[SourceDate "1999.05.10"]

1. e4 e5 2. Nc3 Nc6 3. Bc4 Bc5 4. d3 a6 5. Qg4 Qf6 6. Qg3 Nge7 7. Nf3 d6 8. Bg5 Qg6 9. Nh4 Qh5 10. Bxe7 Nxe7 11. Qxg7 Rg8 12. Qf6 c6 13. Ne2 Rg4 14. g3 Ng8 15. Qh8 Kf8 16. f4 Rg7 17. f5 d5 18. exd5 Be7 19. f6 Bxf6 20. Rf1 Qh6 21. dxc6 bxc6 22. d4 exd4 23. Bd3 Bg4 24. Nf5 Bxf5 25. Rxf5 c5 26. Rxf6 Qxf6 27. O-O-O Rb8 28. Nf4 a5 29. Rf1 Qh6 30. Kb1 Re8 31. a4 Qxh2 32. Ng6+ Rxg6 33. Bxg6 Re7 34. Bxh7 Qxg3 35. Bxg8 Qxg8 36. Qf6 Qg2 37. Rf2 Qg7 38. Qf5 Qe5 39. Qf3 Qe4 40. Qg3 Qd5 41. b3 Qe5 42. Qf3 Qe4 43. Qxe4 Rxe4 44. Rf5 Kg7 45. Rxc5 Kg6 46. Rxa5 f5 47. Ra8 Kg7 48. a5 f4 49. a6 Re6 50. a7 Ra6 51. Rd8 Rxa7 52. Rxd4 Rf7 53. b4 f3 54. Rd1 Kf6 55. Kb2 Ke5 56. Kb3 f2 57. Rf1 Kd4 58. b5 Kc5 59. Kc3 Kxb5 60. Kd3 1/2-1/2

[Event "Cali op-A 3rd"]
[Site "?"]
[Date "1999.12.??"]
[Round "5"]
[White "Gonzalez Renier"]
[Black "Rios Parra Alejandro"]
[Result "1-0"]
[WhiteElo "2426"]
[BlackElo "2316"]
[PlyCount "117"]
[EventDate "1999.??.??"]
[Source "www.chesslib.no"]
[SourceDate "2004.05.04"]

1. e4 e5 2. Nc3 Nc6 3. g3 d6 4. Bg2 f5 5. d3 Nf6 6. Nge2 g6 7. h3 Bg7 8. Be3 Be6 9. exf5 Bxf5 10. g4 Bd7 11. Qd2 O-O 12. O-O h5 13. f3 Ne7 14. Bh6 d5 15. Bxg7 Kxg7 16. d4 exd4 17. Qxd4 Kh7 18. Rae1 c6 19. Nf4 Nfg8 20. Ne6 Bxe6 21. Rxe6 Qb6 22. Qxb6 axb6 23. Rfe1 Rf7 24. a3 Kg7 25. R1e5 hxg4 26. hxg4 b5 27. Bf1 Rxf3 28. Rxe7+ Nxe7 29. Rxe7+ Rf7 30. Rxf7+ Kxf7 31. Na2 Kf6 32. Kf2 Kg5 33. Be2 Rh8 34. Nb4 Rh1 35. Nd3 Rb1 36. b3 Ra1 37. Nc5 Rxa3 38. Nxb7 Kf4 39. Nc5 Ra8 40. Nd3+ Ke4 41. Nb4 Rf8+ 42. Kg3 Rf6 43. g5 Rd6 44. Na6 Kd4 45. Kf4 Rd7 46. Bd3 c5 47. Bxg6 c4 48. bxc4 Rd6 49. cxb5 Rxg6 50. Kf5 Rg7 51. Kf6 Rb7 52. g6 Kc4 53. g7 Rxg7 54. Kxg7 Kxb5 55. Kf6 Kc4 56. Ke5 Kc3 57. Nb4 d4 58. Kd5 d3 59. cxd3 1-0

[Event "Berliner Sommer"]
[Site "Berlin GER"]
[Date "1991.??.??"]
[Round "?"]
[White "Motwani, Paul"]
[Black "Kula, Robert"]
[Result "1-0"]
[WhiteElo "2440"]
[BlackElo "2300"]
[PlyCount "37"]
[EventDate "1991.07.??"]
[Source "www.chesslib.no"]
[SourceDate "2004.05.04"]

1. e4 e5 2. Nc3 Nc6 3. f4 exf4 4. Nf3 g5 5. d4 g4 6. Bc4 gxf3 7. O-O Qg5 8. Rxf3 Nxd4 9. Bxf7+ Kd8 10. Rf2 Qg7 11. Bxf4 Ne7 12. Qh5 d6 13. Bg5 Nxc2 14. Raf1 Qe5 15. Bg8 Qc5 16. Kh1 Kd7 17. Rxf8 Ng6 18. Rd8+ Kc6 19. Bd5+ 1-0